|
|
|
|
| LEADER |
00000cam a2200000 7i4500 |
| 001 |
0000002469 |
| 005 |
20151222.0 |
| 008 |
070712 |
| 020 |
|
|
|a 9838805394
|
| 020 |
|
|
|a 9838805424(set)
|
| 090 |
0 |
0 |
|a AD
|b MAL
|
| 100 |
0 |
|
|a Rema bin Mostam
|
| 245 |
1 |
0 |
|a Nilai stem lama
|c Rema bin Mostam
|
| 260 |
|
|
|a Selangor :
|b Eddiplex ,
|c 2002
|
| 440 |
|
0 |
|a Siri cerita memburu penjenayah
|
| 500 |
|
|
|a Children ages 7-9 years old (orange)
|
| 650 |
|
0 |
|a Detective stories, Malay
|
| 650 |
|
0 |
|a Malay fiction
|
| 710 |
0 |
|
|a Series
|
| 710 |
0 |
|
|a Title
|
| 999 |
|
|
|a 0000875865
|b Book
|c Adult Collection
|e Cawangan Pontian
|
| 999 |
|
|
|a 0000875869
|b Book
|c Children Collection
|e Cawangan Bandar Penawar
|
| 999 |
|
|
|a 0000875870
|b Book
|c Children Collection
|e Cawangan Tmn. Ungku Tun Aminah
|
| 999 |
|
|
|a 0000875871
|b Book
|c Children Collection
|e Cawangan Mersing
|
| 999 |
|
|
|a 0000969575
|b Book
|c Children Collection
|e Cawangan Muar
|
| 999 |
|
|
|a 0000969576
|b Book
|c Children Collection
|e Cawangan Segamat
|
| 999 |
|
|
|a 0000969577
|b Book
|c Children Collection
|e Perbadanan Perpustakaan Awam Johor
|
| 999 |
|
|
|a 0000969578
|b Book
|c Children Collection
|e Cawangan Kota Tinggi
|
| 999 |
|
|
|a 0001051972
|b Book
|c Children Collection
|e Cawangan Segamat
|
| 999 |
|
|
|a 0001052234
|b Book
|c Children Collection
|e Cawangan Bukit Gambir
|
| 999 |
|
|
|a 0001052235
|b Book
|c Children Collection
|e Cawangan Tangkak
|